000 00539nam a22002057a 4500
003 Ost
005 20240802141705.0
008 240802b |||||||| |||| 00| 0 eng d
020 _a9780750652520
040 _cBT-PhCST
050 _aA25039-A25041
082 _222
_a621.384
_bABU
100 _aAbu-Rgheff, Mosa Ali.
245 _aIntroduction to CDMA wireless communication /
250 _a1st ed.
260 _aUK :
_bElsevier Ltd,
_cc2007.
300 _axvi, 614 p. :
_bill, ;
_c25 cm.
500 _aIncludes Index
942 _2ddc
_cECE
999 _c9829
_d9829